000 00605cam a22002053a 4500
001 43943
003 PGUSA
005 20140828084012.0
008 131013s2013||||xxu|||||s|||||000 | eng d
040 _aPGUSA
_beng
042 _adc
100 1 _aBeard, Sydney H.
245 1 2 _aA Comprehensive Guide-Book to Natural, Hygienic and Humane Diet
_h[electronic resource] /
_cSydney H. Beard
260 _bProject Gutenberg,
_c2013
506 _aPublic domain in the USA.
516 _aElectronic text
830 0 _aProject Gutenberg
_v43943
856 4 0 _uhttp://www.gutenberg.org/ebooks/43943
942 _cEB
999 _c273194
_d273194